00238nam a2200097Ia 4500008004100000100001600041245004300057260002400100300000800124650000800132191201s2009 xx 000 0 und d aBERSON,Alex 0aData Warehousing, data mining and OLAP c2009bTMHaN. delhi a612 aCSE